000 00911nam a2200265 i 4500
003 DO-SdBNP
005 20250716092440.0
007 ta
008 250716b2024 dr a|||| |||| 00| 0 spa d
040 _aDO-SdBNP
_bspa
_cBNPHU
_erda
041 _aspa
082 4 _axxx
_bxxx
_222
100 _aSánchez Llibre, Maritza,
_eautor
_4aut.
_988365
245 1 0 _aVivencias :
_buna vida de fe y testimonio /
_cMaritza Sánchez Llibre ; corrección, Rosmina Valdez ; coordinación, Ana Valdés
264 4 _aSanto Domingo :
_bEditora Búho,
_c©2024
300 _a136 páginas :
_bilustraciones ;
_c20 cm.
336 _atexto
_btxt
_2rdacontent
337 _asin mediación
_bn
_2rdamedia
338 _avolumen
_bnc
_2rdacarrier
590 _aInventariado, 2025/BT
700 1 _aValdez, Rosmina,
_ecorrector
_4corr.
_988366
700 1 _aValdés, Ana,
_ecoordinador
_4coord.
_964093
910 _aBtavárez
942 _2ddc
_cLBS1
999 _c59552
_d59552